[Event "DVM U20 2022"]
[Site "Münster GER"]
[Date "2022.12.29"]
[Round "6"]
[White "Koleber, Ksenia Alexandra"]
[Black "Frank, Marian"]
[Result "0-1"]
[Termination "normal"]
[Board "8.4"]
[WhiteElo "1403"]
[BlackElo "1438"]
[WhiteClock "00:18:21"]
[BlackClock "00:11:04"]
[WhiteTeam "Biebertaler Schachfreunde"]
[BlackTeam "ESV Gera"]
[PlyCount "62"]
[WhiteFideId "16271130"]
[BlackFideId "16245059"]
[EventCountry "GER"]
[EventRounds "7"]
[EventType "team-swiss"]
[EventDate "2022.12.26"]

1. e4 {[%clk 01:30:59]} {[%emt 01:25:20]} e5 {[%clk 01:30:51]} {[%emt
00:00:09]} 2. Bc4 {[%clk 01:31:11]} {[%emt 00:00:18]} Bc5 {[%clk 01:30:29]}
{[%emt 00:00:51]} 3. Nc3 {[%clk 01:31:17]} {[%emt 00:00:25]} Nc6 {[%clk
01:30:30]} {[%emt 00:00:29]} 4. d3 {[%clk 01:27:45]} {[%emt 00:04:03]} d6
{[%clk 01:30:25]} {[%emt 00:00:34]} 5. Na4 {[%clk 01:27:31]} {[%emt 00:00:44]}
Bb6 {[%clk 01:26:35]} {[%emt 00:04:20]} 6. Nxb6 {[%clk 01:26:52]} {[%emt
00:01:09]} axb6 {[%clk 01:27:03]} {[%emt 00:00:02]} 7. a3 {[%clk 01:26:00]}
{[%emt 00:01:23]} Be6 {[%clk 01:22:57]} {[%emt 00:04:35]} 8. Bxe6 {[%clk
01:23:13]} {[%emt 00:03:18]} fxe6 {[%clk 01:23:25]} {[%emt 00:00:02]} 9. Qh5
{[%clk 01:21:55]} {[%emt 00:01:48]} g6 {[%clk 01:21:06]} {[%emt 00:02:48]} 10.
Qd1 {[%clk 01:18:42]} {[%emt 00:03:44]} d5 {[%clk 01:19:05]} {[%emt 00:02:31]}
11. exd5 {[%clk 01:17:37]} {[%emt 00:01:35]} exd5 {[%clk 01:19:00]} {[%emt
00:00:35]} 12. Nf3 {[%clk 01:15:32]} {[%emt 00:02:35]} h6 {[%clk 01:16:17]}
{[%emt 00:03:14]} 13. Qe2 {[%clk 01:12:24]} {[%emt 00:03:38]} Qf6 {[%clk
01:08:14]} {[%emt 00:08:32]} 14. Bd2 {[%clk 01:09:12]} {[%emt 00:03:43]} O-O-O
{[%clk 01:04:26]} {[%emt 00:04:17]} 15. O-O-O {[%clk 01:09:15]} {[%emt
00:00:28]} g5 {[%clk 01:00:01]} {[%emt 00:04:56]} 16. Rhe1 {[%clk 01:07:37]}
{[%emt 00:02:05]} Re8 {[%clk 00:50:41]} {[%emt 00:09:51]} 17. Bc3 {[%clk
01:00:58]} {[%emt 00:07:09]} d4 {[%clk 00:50:38]} {[%emt 00:00:32]} 18. Nxd4
{[%clk 00:58:20]} {[%emt 00:03:10]} Nge7 {[%clk 00:43:18]} {[%emt 00:07:50]}
19. Nxc6 {[%clk 00:56:59]} {[%emt 00:01:52]} Nxc6 {[%clk 00:43:39]} {[%emt
00:00:08]} 20. Qg4 {[%clk 00:55:20]} {[%emt 00:02:09]} Kb8 {[%clk 00:43:49]}
{[%emt 00:00:20]} 21. Qg3 {[%clk 00:51:25]} {[%emt 00:04:26]} Rhf8 {[%clk
00:40:54]} {[%emt 00:03:23]} 22. f3 {[%clk 00:50:36]} {[%emt 00:01:19]} Re6
{[%clk 00:31:35]} {[%emt 00:09:50]} 23. Re4 {[%clk 00:44:23]} {[%emt 00:06:43]}
Nd4 {[%clk 00:26:47]} {[%emt 00:05:18]} 24. Rde1 {[%clk 00:40:01]} {[%emt
00:04:51]} Nf5 {[%clk 00:25:53]} {[%emt 00:01:25]} 25. Qg4 {[%clk 00:38:43]}
{[%emt 00:01:49]} Rfe8 {[%clk 00:23:39]} {[%emt 00:02:43]} 26. Bd2 {[%clk
00:30:51]} {[%emt 00:08:23]} Rc6 {[%clk 00:17:16]} {[%emt 00:06:53]} 27. d4
{[%clk 00:27:41]} {[%emt 00:03:40]} Rd8 {[%clk 00:13:09]} {[%emt 00:04:37]} 28.
dxe5 {[%clk 00:26:02]} {[%emt 00:02:10]} Qe6 {[%clk 00:12:23]} {[%emt
00:01:16]} 29. b3 {[%clk 00:22:14]} {[%emt 00:04:17]} Qxb3 {[%clk 00:11:47]}
{[%emt 00:01:06]} 30. Rc4 {[%clk 00:18:04]} {[%emt 00:04:41]} Rxc4 {[%clk
00:11:08]} {[%emt 00:01:09]} 31. Qxf5 {[%clk 00:18:21]} {[%emt 00:00:13]} Qxa3
{[%clk 00:11:04]} {[%emt 00:00:34]} 0-1

[Event "DVM U20 2022"]
[Site "Münster GER"]
[Date "2022.12.29"]
[Round "6"]
[White "Barz, Henrik"]
[Black "Peschel, Jan"]
[Result "1/2-1/2"]
[Termination "normal"]
[Board "8.5"]
[WhiteElo "1647"]
[BlackElo "1516"]
[WhiteClock "00:35:04"]
[BlackClock "00:12:21"]
[WhiteTeam "ESV Gera"]
[BlackTeam "Biebertaler Schachfreunde"]
[PlyCount "77"]
[WhiteFideId "34628320"]
[BlackFideId "16271629"]
[EventCountry "GER"]
[EventRounds "7"]
[EventType "team-swiss"]
[EventDate "2022.12.26"]

1. e4 {[%clk 01:30:58]} {[%emt 00:00:02]} e5 {[%clk 01:30:53]} {[%emt
00:00:07]} 2. Nf3 {[%clk 01:31:24]} {[%emt 00:00:04]} Nc6 {[%clk 01:31:17]}
{[%emt 00:00:06]} 3. Bb5 {[%clk 01:31:51]} {[%emt 00:00:04]} a6 {[%clk
01:30:38]} {[%emt 00:01:09]} 4. Ba4 {[%clk 01:31:41]} {[%emt 00:00:39]} Nf6
{[%clk 01:30:44]} {[%emt 00:00:24]} 5. O-O {[%clk 01:32:05]} {[%emt 00:00:06]}
b5 {[%clk 01:30:59]} {[%emt 00:00:16]} 6. Bb3 {[%clk 01:32:29]} {[%emt
00:00:05]} d6 {[%clk 01:30:43]} {[%emt 00:00:46]} 7. Re1 {[%clk 01:32:49]}
{[%emt 00:00:10]} Be7 {[%clk 01:30:30]} {[%emt 00:00:43]} 8. c3 {[%clk
01:33:00]} {[%emt 00:00:19]} O-O {[%clk 01:30:44]} {[%emt 00:00:15]} 9. d3
{[%clk 01:32:37]} {[%emt 00:00:54]} Re8 {[%clk 01:27:27]} {[%emt 00:03:47]} 10.
Nbd2 {[%clk 01:32:09]} {[%emt 00:00:57]} Bb7 {[%clk 01:27:38]} {[%emt
00:00:19]} 11. Nf1 {[%clk 01:32:08]} {[%emt 00:00:32]} Na5 {[%clk 01:24:07]}
{[%emt 00:04:01]} 12. Bc2 {[%clk 01:31:00]} {[%emt 00:01:38]} c5 {[%clk
01:23:39]} {[%emt 00:00:58]} 13. Ng3 {[%clk 01:31:07]} {[%emt 00:00:23]} Nc6
{[%clk 01:23:30]} {[%emt 00:00:39]} 14. Nf5 {[%clk 01:30:52]} {[%emt 00:00:45]}
Bf8 {[%clk 01:23:06]} {[%emt 00:00:54]} 15. Bg5 {[%clk 01:30:59]} {[%emt
00:00:24]} h6 {[%clk 01:09:12]} {[%emt 00:14:24]} 16. Bh4 {[%clk 01:21:25]}
{[%emt 00:10:04]} g6 {[%clk 01:01:19]} {[%emt 00:08:22]} 17. Ne3 {[%clk
01:20:00]} {[%emt 00:01:55]} Bg7 {[%clk 00:59:02]} {[%emt 00:02:47]} 18. Nd5
{[%clk 01:04:52]} {[%emt 00:15:38]} Nb8 {[%clk 00:56:40]} {[%emt 00:02:52]} 19.
Bxf6 {[%clk 01:03:03]} {[%emt 00:02:19]} Bxf6 {[%clk 00:56:51]} {[%emt
00:00:19]} 20. Nxf6 {[%clk 01:03:25]} {[%emt 00:00:09]} Qxf6 {[%clk 00:57:14]}
{[%emt 00:00:06]} 21. Bb3 {[%clk 01:03:40]} {[%emt 00:00:16]} Kg7 {[%clk
00:51:56]} {[%emt 00:05:47]} 22. Re3 {[%clk 01:02:25]} {[%emt 00:01:45]} Qe7
{[%clk 00:46:33]} {[%emt 00:05:51]} 23. Nd2 {[%clk 01:00:21]} {[%emt 00:02:35]}
Nd7 {[%clk 00:45:13]} {[%emt 00:01:50]} 24. Rg3 {[%clk 00:54:24]} {[%emt
00:06:27]} Kh7 {[%clk 00:40:17]} {[%emt 00:05:26]} 25. Qf1 {[%clk 00:50:57]}
{[%emt 00:03:57]} Nf6 {[%clk 00:35:41]} {[%emt 00:05:06]} 26. a4 {[%clk
00:47:22]} {[%emt 00:04:06]} Rf8 {[%clk 00:30:45]} {[%emt 00:05:26]} 27. Re3
{[%clk 00:46:07]} {[%emt 00:01:44]} Nh5 {[%clk 00:28:35]} {[%emt 00:02:39]} 28.
Bd1 {[%clk 00:44:30]} {[%emt 00:02:07]} Ng7 {[%clk 00:26:53]} {[%emt 00:02:12]}
29. Bf3 {[%clk 00:41:29]} {[%emt 00:03:32]} Bc6 {[%clk 00:19:59]} {[%emt
00:07:24]} 30. axb5 {[%clk 00:40:43]} {[%emt 00:01:16]} axb5 {[%clk 00:20:08]}
{[%emt 00:00:21]} 31. Ree1 {[%clk 00:41:01]} {[%emt 00:00:12]} Qe6 {[%clk
00:19:32]} {[%emt 00:01:05]} 32. b3 {[%clk 00:40:05]} {[%emt 00:01:26]} Qd7
{[%clk 00:17:23]} {[%emt 00:02:40]} 33. c4 {[%clk 00:37:09]} {[%emt 00:03:26]}
b4 {[%clk 00:17:15]} {[%emt 00:00:38]} 34. Rxa8 {[%clk 00:37:07]} {[%emt
00:00:33]} Rxa8 {[%clk 00:16:35]} {[%emt 00:01:10]} 35. Ra1 {[%clk 00:37:28]}
{[%emt 00:00:08]} Qb7 {[%clk 00:14:35]} {[%emt 00:02:30]} 36. Qb1 {[%clk
00:36:44]} {[%emt 00:01:14]} Ne6 {[%clk 00:14:12]} {[%emt 00:00:53]} 37. Bd1
{[%clk 00:35:57]} {[%emt 00:01:17]} f5 {[%clk 00:13:37]} {[%emt 00:01:06]} 38.
f3 {[%clk 00:36:05]} {[%emt 00:00:22]} Nd4 {[%clk 00:12:21]} {[%emt 00:01:46]}
39. Rxa8 {[%clk 00:35:04]} {[%emt 00:01:31]} 1/2-1/2

[Event "DVM U20 2022"]
[Site "Münster GER"]
[Date "2022.12.29"]
[Round "6"]
[White "Röhm, Adrian"]
[Black "Schulter, Moritz"]
[Result "0-1"]
[Termination "normal"]
[Board "8.6"]
[WhiteElo "1474"]
[BlackElo "1584"]
[WhiteClock "00:12:37"]
[BlackClock "00:10:15"]
[WhiteTeam "Biebertaler Schachfreunde"]
[BlackTeam "ESV Gera"]
[PlyCount "52"]
[WhiteFideId "16213505"]
[BlackFideId "16245067"]
[EventCountry "GER"]
[EventRounds "7"]
[EventType "team-swiss"]
[EventDate "2022.12.26"]

1. d4 {[%clk 01:30:56]} {[%emt 00:00:03]} d5 {[%clk 01:30:45]} {[%emt
00:00:16]} 2. Bf4 {[%clk 01:31:19]} {[%emt 00:00:06]} Nf6 {[%clk 01:29:27]}
{[%emt 00:01:48]} 3. e3 {[%clk 01:31:29]} {[%emt 00:00:20]} Bf5 {[%clk
01:24:22]} {[%emt 00:05:35]} 4. Bd3 {[%clk 01:22:05]} {[%emt 00:09:54]} Bg6
{[%clk 01:24:28]} {[%emt 00:00:25]} 5. Nf3 {[%clk 01:20:32]} {[%emt 00:02:03]}
Nbd7 {[%clk 01:20:49]} {[%emt 00:04:09]} 6. Nc3 {[%clk 01:15:08]} {[%emt
00:05:54]} a6 {[%clk 01:17:19]} {[%emt 00:04:00]} 7. Qe2 {[%clk 01:14:39]}
{[%emt 00:00:59]} e6 {[%clk 01:16:41]} {[%emt 00:01:09]} 8. a3 {[%clk
01:14:40]} {[%emt 00:00:28]} Rc8 {[%clk 01:13:42]} {[%emt 00:03:29]} 9. e4
{[%clk 01:13:54]} {[%emt 00:01:16]} Nb6 {[%clk 01:04:16]} {[%emt 00:09:56]} 10.
Rd1 {[%clk 01:07:56]} {[%emt 00:06:27]} Be7 {[%clk 00:54:59]} {[%emt 00:09:47]}
11. Ne5 {[%clk 01:00:46]} {[%emt 00:07:40]} O-O {[%clk 00:49:35]} {[%emt
00:05:54]} 12. O-O {[%clk 00:57:25]} {[%emt 00:03:51]} c5 {[%clk 00:44:02]}
{[%emt 00:06:03]} 13. Nxg6 {[%clk 00:50:15]} {[%emt 00:07:40]} hxg6 {[%clk
00:42:37]} {[%emt 00:01:55]} 14. dxc5 {[%clk 00:47:19]} {[%emt 00:03:25]} Bxc5
{[%clk 00:41:25]} {[%emt 00:01:42]} 15. e5 {[%clk 00:38:52]} {[%emt 00:08:58]}
Nh5 {[%clk 00:34:42]} {[%emt 00:07:13]} 16. Bc1 {[%clk 00:35:17]} {[%emt
00:04:04]} Qh4 {[%clk 00:26:50]} {[%emt 00:08:23]} 17. Qf3 {[%clk 00:22:48]}
{[%emt 00:12:59]} Nd7 {[%clk 00:14:09]} {[%emt 00:13:11]} 18. Rde1 {[%clk
00:21:57]} {[%emt 00:01:21]} Bd4 {[%clk 00:11:42]} {[%emt 00:02:57]} 19. g3
{[%clk 00:17:14]} {[%emt 00:05:13]} Qh3 {[%clk 00:11:51]} {[%emt 00:00:21]} 20.
Qg2 {[%clk 00:17:09]} {[%emt 00:00:34]} Qxg2 {[%clk 00:12:11]} {[%emt
00:00:10]} 21. Kxg2 {[%clk 00:17:37]} {[%emt 00:00:02]} Bxe5 {[%clk 00:10:39]}
{[%emt 00:02:02]} 22. Bd2 {[%clk 00:16:38]} {[%emt 00:01:29]} Nhf6 {[%clk
00:10:31]} {[%emt 00:00:38]} 23. f4 {[%clk 00:15:43]} {[%emt 00:01:25]} Bd6
{[%clk 00:10:14]} {[%emt 00:00:48]} 24. Na2 {[%clk 00:12:45]} {[%emt 00:03:26]}
Nc5 {[%clk 00:10:09]} {[%emt 00:00:37]} 25. b4 {[%clk 00:12:09]} {[%emt
00:01:05]} Nxd3 {[%clk 00:10:12]} {[%emt 00:00:27]} 26. cxd3 {[%clk 00:12:37]}
{[%emt 00:00:02]} Rc2 {[%clk 00:10:15]} {[%emt 00:00:27]} 0-1

[Event "DVM U20 2022"]
[Site "Münster GER"]
[Date "2022.12.30"]
[Round "7"]
[White "Garbuz, Vitaliy"]
[Black "Engel, Luis"]
[Result "0-1"]
[Termination "normal"]
[Board "1.1"]
[BlackTitle "GM"]
[WhiteElo "2147"]
[BlackElo "2555"]
[WhiteClock "00:43:39"]
[BlackClock "00:51:36"]
[WhiteTeam "Schachfreunde Brackel 1930 e. V."]
[BlackTeam "Hamburger SK von 1830 eV"]
[PlyCount "56"]
[WhiteFideId "12990710"]
[BlackFideId "12961523"]
[EventCountry "GER"]
[EventRounds "7"]
[EventType "team-swiss"]
[EventDate "2022.12.26"]

1. e4 {[%clk 01:30:59]} {[%emt 00:00:01]} e5 {[%clk 01:30:57]} {[%emt
00:00:04]} 2. Nf3 {[%clk 01:31:22]} {[%emt 00:00:06]} Nc6 {[%clk 01:31:22]}
{[%emt 00:00:05]} 3. Nc3 {[%clk 01:30:40]} {[%emt 00:01:12]} Nf6 {[%clk
01:31:46]} {[%emt 00:00:06]} 4. d4 {[%clk 01:31:02]} {[%emt 00:00:07]} exd4
{[%clk 01:32:12]} {[%emt 00:00:05]} 5. Nd5 {[%clk 01:31:28]} {[%emt 00:00:03]}
Be7 {[%clk 01:32:29]} {[%emt 00:00:14]} 6. Bc4 {[%clk 01:31:49]} {[%emt
00:00:08]} O-O {[%clk 01:31:07]} {[%emt 00:01:53]} 7. O-O {[%clk 01:32:06]}
{[%emt 00:00:13]} d6 {[%clk 01:30:32]} {[%emt 00:01:05]} 8. Nxd4 {[%clk
01:32:08]} {[%emt 00:00:27]} Ne5 {[%clk 01:26:45]} {[%emt 00:04:17]} 9. Nxf6
{[%clk 01:20:42]} {[%emt 00:11:57]} Bxf6 {[%clk 01:27:10]} {[%emt 00:00:05]}
10. Be2 {[%clk 01:21:05]} {[%emt 00:00:06]} Re8 {[%clk 01:24:37]} {[%emt
00:03:03]} 11. c3 {[%clk 01:19:03]} {[%emt 00:02:32]} Ng6 {[%clk 01:18:42]}
{[%emt 00:06:25]} 12. Qc2 {[%clk 01:07:47]} {[%emt 00:11:46]} Qe7 {[%clk
01:05:11]} {[%emt 00:14:02]} 13. Bb5 {[%clk 01:06:04]} {[%emt 00:02:12]} c6
{[%clk 01:02:36]} {[%emt 00:03:06]} 14. Nxc6 {[%clk 01:00:39]} {[%emt
00:05:54]} bxc6 {[%clk 01:03:02]} {[%emt 00:00:04]} 15. Bxc6 {[%clk 01:01:03]}
{[%emt 00:00:06]} Bb7 {[%clk 01:03:21]} {[%emt 00:00:12]} 16. Bxe8 {[%clk
01:00:58]} {[%emt 00:00:34]} Rxe8 {[%clk 01:03:48]} {[%emt 00:00:04]} 17. f3
{[%clk 01:00:10]} {[%emt 00:01:17]} d5 {[%clk 00:58:21]} {[%emt 00:05:57]} 18.
exd5 {[%clk 00:57:15]} {[%emt 00:03:25]} Ba6 {[%clk 00:55:59]} {[%emt
00:02:52]} 19. Rd1 {[%clk 00:48:49]} {[%emt 00:08:56]} Be2 {[%clk 00:53:32]}
{[%emt 00:02:57]} 20. d6 {[%clk 00:42:03]} {[%emt 00:07:16]} Bxd1 {[%clk
00:53:49]} {[%emt 00:00:14]} 21. Qxd1 {[%clk 00:42:24]} {[%emt 00:00:09]} Qe1
{[%clk 00:53:44]} {[%emt 00:00:35]} 22. Qxe1 {[%clk 00:42:48]} {[%emt
00:00:05]} Rxe1 {[%clk 00:54:10]} {[%emt 00:00:05]} 23. Kf2 {[%clk 00:43:13]}
{[%emt 00:00:05]} Rd1 {[%clk 00:54:31]} {[%emt 00:00:08]} 24. d7 {[%clk
00:43:23]} {[%emt 00:00:20]} Nf8 {[%clk 00:54:09]} {[%emt 00:00:52]} 25. Ke2
{[%clk 00:43:24]} {[%emt 00:00:29]} Rg1 {[%clk 00:51:52]} {[%emt 00:02:47]} 26.
Kf2 {[%clk 00:43:39]} {[%emt 00:00:15]} Rh1 {[%clk 00:52:16]} {[%emt 00:00:06]}
27. b3 {[%clk 00:43:15]} {[%emt 00:00:54]} Nxd7 {[%clk 00:52:14]} {[%emt
00:00:32]} 28. Bb2 {[%clk 00:43:39]} {[%emt 00:00:06]} Bh4 {[%clk 00:51:36]}
{[%emt 00:01:09]} 0-1

[Event "DVM U20 2022"]
[Site "Münster GER"]
[Date "2022.12.30"]
[Round "7"]
[White "Woelk, Tom-Frederic"]
[Black "Kracht, Raphael"]
[Result "1-0"]
[Termination "normal"]
[Board "1.2"]
[WhiteTitle "FM"]
[WhiteElo "2281"]
[BlackElo "2124"]
[WhiteClock "00:35:49"]
[BlackClock "00:35:48"]
[WhiteTeam "Hamburger SK von 1830 eV"]
[BlackTeam "Schachfreunde Brackel 1930 e. V."]
[PlyCount "141"]
[WhiteFideId "12993077"]
[BlackFideId "16214382"]
[EventCountry "GER"]
[EventRounds "7"]
[EventType "team-swiss"]
[EventDate "2022.12.26"]

1. d4 {[%emt 0:00:03]} Nf6 {[%emt 0:01:12]} 2. c4 {[%emt 0:00:03]} e6 {[%emt
0:05:03]} 3. Nc3 {[%emt 0:00:12]} Bb4 {[%emt 0:00:06]} 4. f3 {[%emt 0:00:22]}
c5 {[%emt 0:00:54]} 5. d5 {[%emt 0:00:05]} O-O {[%emt 0:00:15]} 6. e4 {[%emt
0:00:04]} b5 {[%emt 0:00:03]} 7. Nh3 {[%emt 0:00:13]} bxc4 {[%emt 0:00:06]} 8.
Bxc4 {[%emt 0:00:03]} Nxd5 {[%emt 0:00:05]} 9. Bxd5 {[%emt 0:00:04]} exd5
{[%emt 0:00:05]} 10. Qxd5 {[%emt 0:00:06]} Ba6 {[%emt 0:00:11]} 11. Bf4 {[%emt
0:00:03]} Nc6 {[%emt 0:01:42]} 12. Kf2 {[%emt 0:00:06]} Ba5 {[%emt 0:00:08]}
13. Rhd1 {[%emt 0:01:54]} Nb4 {[%emt 0:01:52]} 14. Qd6 {[%emt 0:14:42]} Bb6
{[%emt 0:30:56]} 15. Na4 {[%emt 0:17:26]} Nd3 {[%emt 0:04:15]} 16. Kg1 {[%emt
0:03:29]} c4 {[%emt 0:02:38]} 17. Nxb6 {[%emt 0:02:02]} Qxb6 {[%emt 0:02:27]}
18. Qxb6 {[%emt 0:00:20]} axb6 {[%emt 0:00:05]} 19. Bd6 {[%emt 0:17:18]} Rfc8
{[%emt 0:09:00]} 20. Rd2 {[%emt 0:03:42]} Rc6 {[%emt 0:03:42]} 21. Bg3 {[%emt
0:02:50]} b5 22. a3 Bc8 23. Rad1 b4 24. axb4 Ra2 25. b5 Rc5 26. b6 Rb5 27. Rc2
Rbxb2 28. Rxc4 Ba6 29. Rd4 Rxb6 30. Rxd7 h6 31. Kh1 Rb3 32. Ra7 g5 33. Rd7 Rab2
34. Rd6 Rb1 35. Rxb1 Rxb1 36. Ng1 Bc4 37. Rxh6 Be6 38. Rh5 f6 39. h4 g4 40. Kh2
Rb2 41. fxg4 Bxg4 42. Rd5 Rb3 43. Nf3 Kf7 44. Nd4 Rb2 45. Nf5 Be2 46. Kh3 Rb3
47. Kh2 Rb2 48. Rd7 Kg8 49. Ne3 Nc5 50. Rd8 Kf7 51. e5 Ne4 52. exf6 Nxf6 53.
Rd4 Rb3 54. Bf4 Ng4 55. Nxg4 Bxg4 56. Bd2 Be6 57. g4 Ra3 58. Be1 Ra1 59. Bg3
Rc1 60. Rf4 Kg6 61. g5 Rc2 62. Bf2 Bf5 63. Kg2 Rc3 64. Be1 Re3 65. Bf2 Re4 66.
Rf3 Rc4 67. Ra3 Rc6 68. Kf3 Re6 69. Ra4 Bc2 70. Rb4 Be4 71. Rxe4 1-0

[Event "DVM U20 2022"]
[Site "Münster GER"]
[Date "2022.12.30"]
[Round "7"]
[White "Kartsev, Nikolay"]
[Black "Holinka, Henning"]
[Result "0-1"]
[Termination "normal"]
[Board "1.3"]
[WhiteElo "2074"]
[BlackElo "2256"]
[WhiteClock "00:14:45"]
[BlackClock "00:51:56"]
[WhiteTeam "Schachfreunde Brackel 1930 e. V."]
[BlackTeam "Hamburger SK von 1830 eV"]
[PlyCount "92"]
[WhiteFideId "12939536"]
[BlackFideId "12967084"]
[EventCountry "GER"]
[EventRounds "7"]
[EventType "team-swiss"]
[EventDate "2022.12.26"]

1. e4 {[%emt 0:01:13]} c5 {[%emt 0:00:06]} 2. Nf3 {[%emt 0:05:19]} d6 {[%emt
0:00:14]} 3. d4 {[%emt 0:01:17]} cxd4 {[%emt 0:00:15]} 4. Nxd4 Nf6 {[%emt
0:00:05]} 5. Nc3 {[%emt 0:00:06]} a6 {[%emt 0:00:04]} 6. Rg1 {[%emt 0:00:05]}
e5 {[%emt 0:01:31]} 7. Nb3 {[%emt 0:02:36]} h5 {[%emt 0:01:07]} 8. Bg5 {[%emt
0:12:34]} Be6 {[%emt 0:02:14]} 9. Be2 {[%emt 0:04:12]} Nbd7 {[%emt 0:01:57]}
10. g4 {[%emt 0:23:03]} hxg4 {[%emt 0:03:21]} 11. Bxg4 {[%emt 0:00:29]} Bxg4
{[%emt 0:02:59]} 12. Rxg4 {[%emt 0:00:07]} Rxh2 {[%emt 0:01:47]} 13. Qf3 {[%emt
0:00:42]} Qb6 {[%emt 0:02:21]} 14. Rg1 {[%emt 0:03:33]} Rc8 {[%emt 0:02:21]}
15. Be3 {[%emt 0:02:52]} Qc6 {[%emt 0:02:21]} 16. Nd5 {[%emt 0:04:49]} Nxd5
{[%emt 0:02:02]} 17. exd5 {[%emt 0:00:03]} Qc4 {[%emt 0:00:50]} 18. c3 {[%emt
0:11:53]} Nf6 {[%emt 0:12:27]} 19. O-O-O {[%emt 0:02:00]} Qe4 {[%emt 0:03:18]}
20. Qg3 {[%emt 0:05:38]} Rh8 {[%emt 0:05:36]} 21. Rge1 {[%emt 0:03:50]} Qg4
{[%emt 0:02:00]} 22. Qxg4 Nxg4 23. Bb6 Kd7 24. Re4 f5 25. Rb4 Be7 26. Na5 Rh2
27. f3 Bg5 28. Kb1 Nf6 29. Bg1 Rg2 30. Rxb7 Rc7 31. Rxc7 Kxc7 32. c4 e4 33.
fxe4 Nxe4 34. Bd4 Bh4 35. b4 f4 36. b5 axb5 37. cxb5 Nd2 38. Kc1 f3 39. Ba7 Bg5
40. b6 Kd7 41. b7 Ne4 42. Rd2 Bxd2 43. Kb1 Nc3 44. Ka1 Be3 45. b8=N Ke8 46.
Bxe3 Rxa2# 0-1

[Event "DVM U20 2022"]
[Site "Münster GER"]
[Date "2022.12.30"]
[Round "7"]
[White "Weihrauch, Jakob"]
[Black "Bartelt, Max Peter"]
[Result "1-0"]
[Termination "normal"]
[Board "1.4"]
[WhiteElo "2214"]
[BlackElo "2026"]
[WhiteClock "00:41:34"]
[BlackClock "00:25:59"]
[WhiteTeam "Hamburger SK von 1830 eV"]
[BlackTeam "Schachfreunde Brackel 1930 e. V."]
[PlyCount "105"]
[WhiteFideId "16210115"]
[BlackFideId "12967289"]
[EventCountry "GER"]
[EventRounds "7"]
[EventType "team-swiss"]
[EventDate "2022.12.26"]

1. e4 {[%emt 0:00:01]} e6 {[%emt 0:00:08]} 2. d4 {[%emt 0:00:07]} d5 {[%emt
0:00:05]} 3. Nc3 {[%emt 0:00:07]} Bb4 {[%emt 0:00:06]} 4. e5 {[%emt 0:00:08]}
c5 {[%emt 0:00:04]} 5. a3 {[%emt 0:00:06]} Bxc3 {[%emt 0:00:05]} 6. bxc3 {[%emt
0:00:04]} Ne7 {[%emt 0:00:29]} 7. Qg4 {[%emt 0:01:05]} Qc7 {[%emt 0:00:06]} 8.
Bd3 {[%emt 0:00:39]} c4 {[%emt 0:00:14]} 9. Be2 {[%emt 0:00:24]} Qa5 {[%emt
0:00:05]} 10. Bd2 {[%emt 0:02:09]} Rg8 {[%emt 0:00:46]} 11. h4 {[%emt 0:04:45]}
Bd7 {[%emt 0:04:58]} 12. h5 {[%emt 0:08:11]} h6 {[%emt 0:00:37]} 13. Rh3 {[%emt
0:02:59]} Kd8 {[%emt 0:09:30]} 14. Rf3 {[%emt 0:08:23]} Be8 {[%emt 0:01:44]}
15. a4 {[%emt 0:12:41]} b5 {[%emt 0:03:03]} 16. Bd1 {[%emt 0:01:38]} Nbc6
{[%emt 0:11:21]} 17. Ne2 {[%emt 0:02:17]} Rb8 {[%emt 0:05:21]} 18. Bc1 {[%emt
0:02:52]} Rb6 {[%emt 0:07:37]} 19. Ba3 {[%emt 0:07:15]} Ra6 {[%emt 0:02:16]}
20. Qf4 {[%emt 0:01:25]} Kc8 {[%emt 0:25:55]} 21. Qc1 {[%emt 0:02:09]} bxa4 22.
Bc5 a3 23. Rxa3 Qb5 24. Qa1 Rxa3 25. Qxa3 Qb7 26. Kd2 Kd8 27. Nf4 Nf5 28. g4
Nfe7 29. Re3 Bd7 30. Bf3 Re8 31. Re1 Nc8 32. Bf8 g6 33. hxg6 fxg6 34. Nxg6 Qb6
35. Bxh6 a5 36. Bg5 Kc7 37. Be3 N8e7 38. Nf4 Rf8 39. Qd6 Kc8 40. g5 a4 41. Ra1
Qa7 42. Bg4 Qc7 43. Nxe6 Bxe6 44. Bxe6 Kb7 45. Rb1 Qb6 46. Rxb6 Kxb6 47. Bxd5
a3 48. Qxa3 Rd8 49. Qc5 Kc7 50. Bxc6 Nxc6 51. d5 Rxd5 52. Qxd5 Kb8 53. Qd6 1-0